Регионална библиотека "Любен Каравелов" - Русе

Альбом ученика-тромбониста (Запис номер 365987)

MARC детайли
000 -Лидер
Контролно поле с фиксирана дължина ncm a22 a 4500
003 - Код на организацията, давaща контролен номер
Контролно поле BLK
005 - Дата и час на последна редакция
Контролно поле 20200603100050.0
008 - Елементи от данни с фиксирана дължина
fixed length control field 200603b bu ||||| |||| 00| 0 bu d
040 ## - Източник на каталожния запис
Идентификатор на билиотеката - собственик на записа BLK
041 ## - Код за език
Код за езика на текст/звукозапис или на отделно заглавие Руски
-- Украински
Код за езика КДБФ Руски
080 ## - УДК
Текстов определител УДК Музика за духови инструменти
УДК код - определител по УДК 788
УДК - код + определител 788
139 ## - Редно поле
Редна дума Альбом ученика-тромбониста
Авторски знак Ал - А 46
245 ## - Сведения за заглавието
Заглавие Альбом ученика-тромбониста
Подзаглавни данни Учебно-педагогический репертуар для ІІІ-ІV классов ДМШ
Том Выпуск 3
Редно поле (дума) Състав. В. Андрезен
246 ## - Различни форми на заглавието
Паралелно заглавие Альбом учня-тромбонiста
Подзаглавни данни Учбово-педагогiчний репертуар для ІІІ-ІV класiв ДМШ
260 ## - Област на издателските данни
9 (RLIN) 404225
Място на издаване, разпространение и проч. Киiв
Име на издателя, разпространителя и проч. Музична Украiна
Година на издаване 1974
300 ## - Физическа характеристика
Страници 36 с.
Размери/Мащаб 30 см
380 ## - Жанр
Жанр Изкуство
650 #0 - Допълнително описание по предмет – тема
9 (RLIN) 403148
Основно описание – тема или топоним Тромбон - гами, етюди
653 #7 - Ключова дума – ненормативна
9 (RLIN) 198691
Ключова дума тромбони
700 ## - Други автори (авторска отговорност)
9 (RLIN) 1478
Лично име Андрезен, В.
Автороска отговорност (Описва отношението между автора и произведението) състав.
852 ## - Местоположение
Форматна сигнатура Цб М ІІ 7088
999 ## - СИСТЕМНИ КОНТРОЛНИ НОМЕРА
Koha biblionumber 365987
Koha biblioitemnumber 365987
942 ## - АРТИКУЛИ
Вид на библиотечния материал Нотни издания
Скрит в OPAC Не
Периодичен библиозапис Да
944 ## - СЪЗДАВАНЕ И РЕДАКЦИЯ на ЗАПИСА
Създаване/Редакция Създаване
Дата на регистрацията/редакция 2020-06-03
Служител, извършил регистрацията/редакцията Моника Янева
Статус, дата на статуса 2020-06-03
999 ## - СИСТЕМНИ КОНТРОЛНИ НОМЕРА
Koha biblioitemnumber 365985
999 ## - СИСТЕМНИ КОНТРОЛНИ НОМЕРА
Koha biblioitemnumber 365976
Наличности
Код за отписване Код за изгубен артикул Източник на класификационната схема Код за повреда Коз за рестрикции Код за отдаване Артикулен № Име на библиотеката - собственик Име на библиотеката, в която се намира в момента Статус (Текущо местоположение) Дата на вписване в системата Местоположение - отдел Цена в лева Инвентарен номер Систематично азбучна сигнатура Баркод Цена в евро Служебен тип на артикула
  Не е изгубен Universal Decimal Classification Не е повреден само за читалня ползва се в читалня 774088 Регионална библиотека "Любен Каравелов" Русе Регионална библиотека "Любен Каравелов" Русе Хранилище 2020-06-04 Хранилище 0.41 190903 Цб М II 7088 900000016819 0.21 Нотни издания
Vip Innovations Ltd, Rousse, Bulgaria 2025